LEADER 01032nam0-22003251i-450- 001 990001324230403321 010 $a0-12-079050-5 035 $a000132423 035 $aFED01000132423 035 $a(Aleph)000132423FED01 035 $a000132423 100 $a20000920d1974----km-y0itay50------ba 101 0 $aeng 200 1 $aComputer aided geometric design$eProceedings of a Conference held at The University of Utah, Salt Lake City (UT), March 18-21, 1974$fEdited by Robert E. Barnhill, Richard F. Riesenfeld. 210 $aSan Diego [CA]$cAcademic Press$dc1974. 215 $ax, 326 p.$cill.$d24 cm 610 0 $aCagd$aCongressi 610 0 $aGeometria computazionale$aCongressi 676 $a516.60285 702 1$aBarnhill,$bRobert E. 702 1$aRiesenfeld,$bR.F. 801 0$aIT$bUNINA$gRICA$2UNIMARC 901 $aBK 912 $a990001324230403321 952 $a124-D-27$b10678$fMA1 959 $aMA1 962 $a68U05 996 $aComputer aided geometric design$9382853 997 $aUNINA DB $aING01 LEADER 01064nam0-22003011i-450- 001 990002054100403321 005 20021010 035 $a000205410 035 $aFED01000205410 035 $a(Aleph)000205410FED01 035 $a000205410 100 $a20021010d--------km-y0itay50------ba 101 0 $aita 200 1 $a<>condizioni ecologiche nel mondo. Necessita della conservazione del suolo per lo sviluppo dell' umanita. GiornataEcologica nella scuola, Roma, 21 marzo 1974$fMario Pavan 210 $aRoma$cMinistero P.I.$d1974 215 $a19 p.$d30 cm 610 0 $aEcologia 610 0 $aEcologia Generale 676 $a372.3 700 1$aPavan,$bMario$f<1918-2003>$0327008 801 0$aIT$bUNINA$gRICA$2UNIMARC 901 $aBK 912 $a990002054100403321 952 $a61 VIII A.3/34$b7022 (22/05/98)$fDAGEN 959 $aDAGEN 996 $aCondizioni ecologiche nel mondo. Necessita della conservazione del suolo per lo sviluppo dell' umanita. GiornataEcologica nella scuola, Roma, 21 marzo 1974$9405962 997 $aUNINA DB $aING01